¿Qué ciudad en Chile? - Estadísticas

Estadísticas generales
  • Esta prueba ha sido intentada 832 veces
  • La puntuación promedio es 11 de 20
Estadísticas de respuestas
Pista Inicial Ciudad % Correcto
Tiene el área metropolitana más poblada del país S Santiago de Chile
100%
Posee un reconocido festival de música internacional V Viña del Mar
72%
Ciudad más poblada en tener el mapudungun como lengua cooficial T Temuco
71%
Es el lugar de origen de bandas como Los Tres, Emociones Clandestinas, Los Bunkers, etc. C Concepción
68%
Cuenta con el estadio de fútbol "Tierra de Campeones" I Iquique
67%
Cuenta con la sede central de la Universidad Austral de Chile (UACh) V Valdivia
67%
Es considerada en internet como el lugar donde suceden las mayores desgracias en Chile T Talca
64%
Es famosa por sus tradicionales longanizas C Chillán
62%
Donde nació el futbolista Alexis Sánchez T Tocopilla
58%
Es considerado el puerto principal del país S San Antonio
54%
Se disputa con Ushuaia el puesto de la ciudad más austral del mundo P Puerto Williams
50%
Es considerada la "capital chilena del surf" P Pichilemu
48%
Posee en sus cercanías atractivos turísticos como el Valle de la Luna y el Pucará de Quitor S San Pedro de Atacama
42%
Ciudad nortina que fue la primera en acoger el ferrocarril en Chile C Copiapó
41%
Capital de la provincia de Isla de Pascua H Hanga Roa
35%
Donde nació la poetisa y ganadora del premio nobel Gabriela Mistral V Vicuña
33%
Es conocida por sus artesanías de mimbre que incluyen cestas, muebles, decoraciones, etc. C Chimbarongo
32%
Es la capital regional menos poblada del país C Coyhaique
32%
Es la ciudad más al norte del país P Putre
27%
Cuenta con el "hito cero", el fin de la Carretera Panamericana en Chile Q Quellón
27%
No se encontraron pruebas coincidentes
Distribución de puntuación
Porcentaje de gente con cada puntuación
Porcentaje por número respondido
Historial de tus puntuaciones
No has intentado esta prueba.